02087nam a22002297a 4500008004100000020001800041040000800059041001300067110003200080245009400112260006700206300005900273520116300332650006501495650003601560650006701596650003901663655002801702942000801730952010401738999001501842250625b |||||||| |||| 00| 0 eng d a9781951949549 ctbs aengafre aLingo Mastery (Firm)925590 aFrench made easy level 1 b: an easy step-by-step approach to learn French for beginners. a[Place of publication not identified], bLingo Mastery,c2022. a197 pages :billustrations (black and white) ;c28 cm. aLearning to read, speak and write French like a native? Your journey begins here. Oh là là! C'est une grande nouvelle! Up to 300 million people across the globe speak French, so it makes a lot of sense that you would want to learn it. After all, the French language is not just a Romance language but also the language of romance! Spoken as an official language in 29 countries, its reach spreads beyond those nations, as communities in every continent have helped spread the language worldwide. Think French Guiana, Dominica... or French Polynesia, in the Pacific Ocean... it's everywhere! And as for why - travel, love, friendship, business - these are just a few of many reasons to learn this magnificent, elegant and very expressive language. But how in the world do you conquer the challenge of diving into French vocabulary and grammar? Well, sometimes all you need is the right resource; the ideal learning material that will guide you from French hopeful to a complete "spécialiste du français"! What we're talking about is French Made Easy Level 1 - An Easy Step-By-Step Approach To Learn French for Beginners (Textbook + Workbook Included)! 0aFrench languagexStudy and teachingxForeign speakers924325 0aFrench languagexGrammar925347 0aFrench languagexTextbooks for foreign speakersxEnglish94891 0aFrench languagexVocabulary925355 0aSelf-instruction924883 2lcc 00102lcc4070aTBSbTBSd2025-06-25l0oP-FR LEARN LINpB05756r2025-06-25t1w2025-06-25yFRENCH c4800d4800